00266nam a2200121Ia 4500003000400000005001700004008004100021020001800062040000900080100001800089245002900107260000800136OSt20231211075836.0170523s9999 xx 000 0 und d a81-203-2227-4 ciimt aDERSKY- HELEN 0aINTERNATIONAL MANAGEMENT bPHI